000 00598nam a2200229Ia 4500
003 OSt
005 20221007062507.0
006 a|||||r|||| 00| 0
007 ta
008 221006b |||||||| |||| 00| 0 eng d
024 _a14,910
037 _cTextual
040 _aFLL
_cFLL
_beng
041 _2eng
_aeng
082 _aX:9:Z252, L6
100 _aMalik P.L.
245 0 _aLabour laws in uttar pradesh
260 _aAllahabad
_bManav Law House India
_c1976
300 _a31p,458p,214p
_ccm.
942 _hX:9:Z252, L6
_cTEXL
_2CC
999 _c1128776
_d1128776